Loading...
| Literature - World | 0 | 8 | 0 | 1 | 80 | 103 | 134.25 | 1 | 7 | 0.00 | 0.00 |
| Literature - British | 2 | 5 | 1 | 1 | 75 | 55 | 99.86 | 2 | 7 | 0.00 | 0.00 |
| Science - Biology | 1 | 4 | 1 | 1 | 50 | 60 | 97.00 | 3 | 4 | 0.00 | 0.00 |
| Literature - European | 0 | 4 | 3 | 1 | 25 | 137 | 147.50 | 1 | 4 | 0.00 | 0.00 |
| Philosophy | 0 | 2 | 0 | 1 | 20 | 116 | 128.00 | 0 | 1 | 0.00 | 0.00 |
| Literature - American | 0 | 2 | 1 | 0 | 15 | 128 | 142.00 | 0 | 1 | 0.00 | 0.00 |
| Other Academic | 1 | 0 | 0 | 0 | 15 | 49 | 49.00 | 0 | 1 | 0.00 | 0.00 |
| History - World | 0 | 1 | 0 | 0 | 10 | 88 | 88.00 | 0 | 0 | 0.00 | 0.00 |
| Fine Arts - Other | 0 | 1 | 0 | 0 | 10 | 99 | 99.00 | 0 | 1 | 0.00 | 0.00 |
| Social Science | 0 | 1 | 1 | 1 | 5 | 132 | 132.00 | 0 | 0 | 0.00 | 0.00 |
| Fine Arts - Auditory | 0 | 1 | 1 | 0 | 5 | 144 | 144.00 | 0 | 0 | 0.00 | 0.00 |
| History - Ancient/Other | 0 | 0 | 0 | 0 | 0 | 0.00 | 0 | 0 | 0.00 | 0.00 | |
| History - American | 0 | 0 | 0 | 0 | 0 | 0.00 | 0 | 0 | 0.00 | 0.00 | |
| Fine Arts - Visual | 0 | 0 | 0 | 0 | 0 | 0.00 | 0 | 0 | 0.00 | 0.00 | |
| Science - Physics | 0 | 0 | 0 | 0 | 0 | 0.00 | 0 | 0 | 0.00 | 0.00 | |
| History - European | 0 | 0 | 0 | 0 | 0 | 0.00 | 0 | 0 | 0.00 | 0.00 | |
| Mythology | 0 | 0 | 1 | 0 | -5 | 0.00 | 0 | 0 | 0.00 | 0.00 | |
| Science - Chemistry | 0 | 0 | 1 | 0 | -5 | 0.00 | 0 | 0 | 0.00 | 0.00 | |
| Geography | 0 | 0 | 1 | 0 | -5 | 0.00 | 0 | 0 | 0.00 | 0.00 | |
| Religion | 0 | 0 | 2 | 0 | -10 | 0.00 | 0 | 0 | 0.00 | 0.00 |